| 000 | 00471nam a22001697a 4500 | ||
|---|---|---|---|
| 999 |
_c525255 _d525255 |
||
| 003 | NUST | ||
| 038 | _awaseem | ||
| 082 |
_a320.954 _bNAZ |
||
| 100 |
_aNazir Kahout _915997 |
||
| 245 |
_aAho Punjabi Ko Qatil Karan / _cNazir Kahout |
||
| 260 |
_aKarachi : _bWaris Shah Publications, _c1992. |
||
| 300 | _a424 p. ; | ||
| 500 | _aPaperback. | ||
| 880 |
_6100-01\r _aنزیر کہوٹ |
||
| 880 |
_6245-02\r _aآوٰ ! پنجابی کو قتل کریں / |
||
| 942 |
_2ddc _cBK |
||